000 01600cam a2200361 a 4500
005 20260322212025.0
008 data
010 _a 2009932516
015 _aGBA966531
_2bnb
016 7 _a015306922
_2Uk
020 _a9780061794681 (hbk.)
020 _a0061794686 (hbk.)
040 _aUKM
_cUKM
_dDLC
_dORX
_dOCLCQ
_dVP@
_dDLC
042 _alccopycat
050 0 0 _aML33.C54
_bR63 2009
082 0 0 _a781.66074/77132
_222
092 _a781.66 R63 2009
245 0 4 _aThe Rock and Roll Hall of Fame :
_bthe first 25 years : the definitive chronicle of rock & roll as told by its legends /
_cedited by Holly George-Warren.
260 _aEnfield :
_bPublishers Group UK [distributor],
_aEnfield :
_bPublishers Group UK [distributor],
_c2009.
300 _a247 p. :
_bill. (mostly col.) ;
_c29 cm.
610 2 0 _aRock and Roll Hall of Fame and Museum
_xHistory.
650 0 _aRock musicians
_xHistory.
650 0 _aRock groups
_xHistory.
650 0 _aRock musicians
_vBiography.
650 0 _aRock groups
_vBiography.
700 1 _aGeorge-Warren, Holly.
906 _a7
_bcbc
_ccopycat
_d2
_encip
_f20
_gy-gencatlg
925 0 _aacquire
_b2 shelf copies
_xpolicy default
955 _evk05 2009-11-12 to Dewey
_wrd07 2010-01-14
963 _aGyda Arber; phone: (212) 207-7323; fax: (212) 207-7654; email: [email protected]; bc: [email protected]
001 data
999 _c570
_d570